[Event "AUTO-OPEN-2166"]
[Site "http://www.queenalice.com/game.php?id=858883"]
[Date "2010.11.14"]
[Round "1"]
[White "RafaelCabral"]
[Black "yasemin"]
[Result "0-1"]
[WhiteElo "2146"]
[BlackElo "1500"]

1. d4 Nf6 2. c4 c5 3. d5 b5 4. cxb5 a6 5. bxa6 g6 6. Nc3 Bxa6 7. g3 Bg7 8. Bg2
d6 9. Nf3 O-O 10. O-O Nbd7 11. Re1 Qb6 12. b3 Rfb8 13. Bb2 c4 14. Na4 Qb7 15.
bxc4 Bxc4 16. Rc1 Bxa2 17. Bxf6 Bxf6 18. Nc3 Bxc3 19. Rxc3 Bxd5 20. Qc1 Nc5 21.
Qh6 f6 22. h4 Ne4 23. Rcc1 Qb6 24. e3 Qb2 25. Rf1 Nxf2 26. Rc7 Ng4 27. Qf4 Ra2
28. Ne1 Qxg2+ 29. Nxg2 Rxg2+ 0-1

[Event "AUTO-OPEN-2166"]
[Site "http://www.queenalice.com/game.php?id=858884"]
[Date "2010.11.14"]
[Round "1"]
[White "yasemin"]
[Black "muppyman"]
[Result "0-1"]
[WhiteElo "1762"]
[BlackElo "2275"]

1. e4 e6 2. d4 d5 3. exd5 exd5 4. Bd3 Nf6 5. Bg5 Be7 6. Nc3 O-O 7. Qd2 Re8 8.
O-O-O Nc6 9. Nge2 Nb4 10. h4 c6 11. f3 Nxd3+ 12. Qxd3 b5 13. Ng3 b4 14. Nce2 a5
0-1

[Event "AUTO-OPEN-2166"]
[Site "http://www.queenalice.com/game.php?id=858885"]
[Date "2010.11.14"]
[Round "1"]
[White "muppyman"]
[Black "yasemin"]
[Result "1-0"]
[WhiteElo "2274"]
[BlackElo "1762"]

1. e4 c5 2. Nf3 Nc6 3. g3 d5 4. exd5 Qxd5 5. d3 Bg4 6. Bg2 Nd4 7. Nbd2 Qe6+ 8.
Ne4 Bxf3 9. Bxf3 f5 10. Bg2 fxe4 11. Bxe4 Nf6 12. O-O Nxe4 13. Re1 O-O-O 14.
Rxe4 1-0

[Event "Challenge"]
[Site "http://www.queenalice.com/game.php?id=859047"]
[Date "2010.11.15"]
[Round "-"]
[White "yasemin"]
[Black "heinrich79"]
[Result "1-0"]
[WhiteElo "1614"]
[BlackElo "1541"]

1. b4 e5 2. Bb2 Nc6 3. b5 Bc5 4. bxc6 bxc6 5. Bxe5 Ne7 6. Bxg7 Rg8 7. Bf6 d5 8.
Nf3 Qd6 9. Be5 Qh6 10. d4 Bb4+ 11. c3 Ba5 12. Qd2 Qg6 13. g3 Bf5 14. Nh4 Qe6 15.
Nxf5 Qxf5 16. Bg2 f6 17. Bf4 h5 18. O-O Kf7 19. Qd3 Qe6 20. Nd2 Rab8 21. Rab1 c5
22. dxc5 Nc6 23. Qh7+ Rg7 24. Qxh5+ Ke7 25. Bxd5 Qxe2 26. Qxe2+ 1-0

[Event "Lets go chess"]
[Site "http://www.queenalice.com/game.php?id=859170"]
[Date "2010.11.15"]
[Round "-"]
[White "vogeleduardo"]
[Black "yasemin"]
[Result "1-0"]
[WhiteElo "1595"]
[BlackElo "1738"]

1. e4 Nf6 2. Nc3 e5 3. Nf3 Nc6 4. Bc4 Be7 5. O-O O-O 6. Nd5 Nxe4 7. d3 Nc5 8.
Qe2 d6 9. a3 Bg4 10. Ne3 Nd4 11. Qd1 Nxf3+ 12. gxf3 Bh3 13. Re1 Ne6 14. Ng4 Bg5
15. Kh1 Bf4 16. Bxf4 Nxf4 17. Ne3 d5 18. Ba2 a5 19. Rg1 Ra6 20. Rg3 Rh6 21. Ng4
Bxg4 22. Rxg4 f5 23. Rg3 Qh4 24. Bxd5+ 1-0

[Event "AUTO-OPEN-2167"]
[Site "http://www.queenalice.com/game.php?id=859299"]
[Date "2010.11.15"]
[Round "1"]
[White "REUSKING"]
[Black "yasemin"]
[Result "1/2-1/2"]
[WhiteElo "2091"]
[BlackElo "1500"]

1. e4 Nc6 2. d4 d5 3. e5 Bf5 4. c3 e6 5. Nf3 Qd7 6. Bd3 Bxd3 7. Qxd3 f6 8. exf6
gxf6 9. Bf4 O-O-O 10. Nbd2 Nge7 11. O-O-O Ng6 12. Bg3 Bh6 13. Kb1 e5 14. dxe5
fxe5 15. Qc2 Rhe8 16. Rhe1 Bf4 17. Nb3 Qd6 18. Qf5+ Kb8 19. Qc2 a5 20. Nbd2 Qf6
21. a3 e4 22. Nd4 Nxd4 23. cxd4 Rd6 24. Nb3 Rc6 25. Nc5 Qd6 26. Bxf4 Nxf4 27. g3
Ne6 28. Qa4 Nxc5 29. dxc5 Qxc5 30. Rc1 Qb6 31. Rxc6 bxc6 32. Re3 Kc8 33. Rb3 Qc5
34. Rc3 Qb5 35. Qd1 a4 36. b4 axb3 37. Rxb3 Qc4 38. Qg4+ Kd8 39. Rb8+ Ke7 40.
Qg7+ Kd6 41. Rxe8 Qf1+ 42. Ka2 Qc4+ 43. Kb2 Qe2+ 44. Kb3 Qc4+ 45. Kb2 Qe2+ 46.
Kb3 Qc4+ 47. Kb2 1/2-1/2

[Event "AUTO-OPEN-2167"]
[Site "http://www.queenalice.com/game.php?id=859300"]
[Date "2010.11.15"]
[Round "1"]
[White "yasemin"]
[Black "REUSKING"]
[Result "1-0"]
[WhiteElo "1500"]
[BlackElo "2091"]

1. e4 e5 2. d4 exd4 3. Nf3 Nf6 4. e5 Ne4 5. Qxd4 d5 6. exd6 Nxd6 7. Nc3 Nc6 8.
Qe3+ Qe7 9. Bd3 Nf5 10. Qxe7+ Bxe7 11. Bf4 Nd6 12. O-O-O O-O 13. Nb5 Nxb5 14.
Bxb5 Bc5 15. Bxc6 bxc6 16. Nd4 Be6 17. Nxe6 fxe6 18. Be3 Bxe3+ 19. fxe3 Rad8 20.
Rxd8 Rxd8 21. Rd1 Rd6 22. Rd4 Rd5 23. Rc4 c5 24. Ra4 Rf5 25. Rxa7 Rf1+ 26. Kd2
Rf2+ 27. Kd3 Rxg2 28. Rxc7 c4+ 29. Rxc4 Rxh2 30. a4 Rh5 31. b4 Rd5+ 32. Rd4 Rf5
33. a5 h5 34. a6 Rf8 35. b5 Ra8 36. b6 Rxa6 37. b7 Rb6 38. Rd8+ 1-0

[Event "AUTO-OPEN-2167"]
[Site "http://www.queenalice.com/game.php?id=859323"]
[Date "2010.11.15"]
[Round "1"]
[White "yasemin"]
[Black "Pagano"]
[Result "1-0"]
[WhiteElo "1729"]
[BlackElo "2058"]

1. Nc3 d5 2. d4 c5 3. Be3 Nc6 4. Nf3 Nf6 5. g3 Bg4 6. Ne5 Nxe5 7. dxe5 d4 8.
exf6 dxe3 9. Qxd8+ Rxd8 10. Bg2 exf2+ 11. Kxf2 exf6 12. Bxb7 c4 13. Bc6+ Bd7 14.
Bxd7+ Rxd7 15. Rad1 Bc5+ 16. Kf3 Ke7 17. Rxd7+ Kxd7 18. Rd1+ Kc6 19. e4 Re8 20.
Rd5 g6 21. g4 Re7 22. h4 a6 23. Ne2 f5 24. gxf5 gxf5 25. Rxf5 a5 26. Rf6+ Kb7
27. h5 a4 28. h6 Bb6 29. Nc3 Bd4 30. Rd6 Bxc3 31. bxc3 Re6 32. Rxe6 fxe6 33. Kf4
1-0

[Event "AUTO-OPEN-2167"]
[Site "http://www.queenalice.com/game.php?id=859324"]
[Date "2010.11.15"]
[Round "1"]
[White "Pagano"]
[Black "yasemin"]
[Result "0-1"]
[WhiteElo "2063"]
[BlackElo "1614"]

1. e4 e6 2. d4 d5 3. e5 Qd7 4. Nf3 b6 5. Nc3 Ba6 6. Bxa6 Nxa6 7. Qe2 Nb8 8. O-O
Ne7 9. Ng5 Nf5 10. Be3 Be7 11. f4 c5 12. g4 Nxe3 13. Qxe3 cxd4 14. Qd3 dxc3 15.
Qxc3 Bxg5 16. fxg5 O-O 17. h4 d4 18. Qd3 Nc6 19. Rae1 Rac8 20. a3 Qd5 21. Qe2
Nxe5 0-1

[Event "AUTO-ADV-1986"]
[Site "http://www.queenalice.com/game.php?id=864497"]
[Date "2010.11.27"]
[Round "1"]
[White "DORLISS"]
[Black "yasemin"]
[Result "1-0"]
[WhiteElo "1721"]
[BlackElo "1762"]

1. e4 a6 2. d4 d5 3. Nc3 dxe4 4. Nxe4 Nf6 5. f3 Nxe4 6. fxe4 e5 7. Nf3 exd4 8.
Nxd4 Qh4+ 9. g3 Qxe4+ 10. Qe2 Qxe2+ 11. Bxe2 Bd6 12. Bd2 O-O 13. O-O-O Nc6 14.
Bc3 1-0

[Event "AUTO-ADV-1986"]
[Site "http://www.queenalice.com/game.php?id=864498"]
[Date "2010.11.27"]
[Round "1"]
[White "yasemin"]
[Black "josa23"]
[Result "0-1"]
[WhiteElo "1802"]
[BlackElo "1870"]

1. b4 e5 2. Bb2 d6 3. Nf3 Nf6 4. g3 Be7 5. Bg2 Bd7 6. O-O O-O 7. c4 c6 8. d3 Bf5
9. Qb3 Be6 10. Nbd2 h6 11. Rfc1 b5 12. a4 a6 0-1

[Event "AUTO-ADV-1986"]
[Site "http://www.queenalice.com/game.php?id=864499"]
[Date "2010.11.27"]
[Round "1"]
[White "josa23"]
[Black "yasemin"]
[Result "1-0"]
[WhiteElo "1883"]
[BlackElo "1780"]

1. e4 Nf6 2. Nc3 e5 3. d3 Bc5 4. Nf3 Nc6 5. Bd2 O-O 6. Be2 d5 7. exd5 Nxd5 8.
Ne4 Be7 9. O-O f5 10. Nc3 Kh8 11. Re1 Be6 12. Bf1 1-0